000 00749nam a2200289Ia 4500
005 20260324133409.0
008 008 260324s9999 xx 000 0 eng d
020 _a9780203063316
037 _aEBOOK
040 _aCRL
040 _beng
040 _cCRL
041 _2eng
041 _aeng
084 _qCRL
100 _aYasuko Kanno; Bonny Norton
_91192944
245 0 _aImagined Communities and Educational Possibilities
245 2 _bA Special Issue of the journal of Language, Identity, and Education
260 _bTaylor and Francis
260 _c2003
365 _a
365 _b230
856 _uhttp://www.taylorfrancis.com/books/9780203063316
942 _cEBOOK
999 _c1791928
_d1791928